Top 7 obrońców w FC 2025 - Statystyki

Ogólne statystyki
  • Ten quiz został rozwiązany 117 razy
  • Średni wynik to 6 z 7
Statystyki odpowiedzi
Piłkarz Narodowość Klub Ocena ogólna % Poprawnych
Virgil van Dijk Holandia Liverpool 89
100%
Antonio Rüdiger Niemcy Real Madryt 88
96%
Rúben Dias Portugalia Manchester City 88
91%
William Saliba Francja Arsenal 87
88%
Theo Hernández Francja Milano FC 87
76%
Marquinhos Brazylia PSG 87
71%
Alessandro Bastoni Włochy Lombardia FC 87
59%
Nie znaleziono quizów pasujących do podanych kryteriów
Rozkład punktacji
Procent ludzi z każdym wynikiem
Percentyl według liczby udzielonych odpowiedzi
Twoja historia wyników
Nie rozwiązałeś tego quizu